ব্যবহারিক শ্রেণীকরণ : (Record no. 44386)
[ view plain ]
| 000 -LEADER | |
|---|---|
| fixed length control field | 01287nam a2200253 a 4500 |
| 001 - CONTROL NUMBER | |
| control field | 44386 |
| 003 - CONTROL NUMBER IDENTIFIER | |
| rucl marc code | BD-RjUL |
| 005 - DATE AND TIME OF LATEST TRANSACTION | |
| control field | 20211209053840.0 |
| 008 - FIXED-LENGTH DATA ELEMENTS--GENERAL INFORMATION | |
| fixed length control field | 160421s1993 bg a|||| |||| 001 0 ben d |
| 020 ## - INTERNATIONAL STANDARD BOOK NUMBER | |
| International Standard Book Number | 9843000463 |
| Terms of availability | : Tk.80.00 |
| 035 ## - SYSTEM CONTROL NUMBER | |
| System control number | (BD-RjUL)44504 |
| 040 ## - CATALOGING SOURCE | |
| Original cataloging agency | BD-RjUL |
| Language of cataloging | eng |
| Transcribing agency | BD-RjUL |
| 041 ## - LANGUAGE CODE | |
| Language code of text/sound track or separate title | ben |
| 082 ## - DEWEY DECIMAL CLASSIFICATION NUMBER | |
| Edition number | 23 |
| Classification number | 025.431 |
| Author mark and year | SAB 1993 |
| 100 1# - MAIN ENTRY--PERSONAL NAME | |
| Personal name | সালাম, মোহাম্মদ আবদুস |
| 9 (RLIN) | 123257 |
| 245 10 - TITLE STATEMENT | |
| Title | ব্যবহারিক শ্রেণীকরণ : |
| Remainder of title | শ্রেণী সংখ্যা গঠন প্রক্রিয়া ডিডিসি ১৯ তম, ২০ তম সংস্করণ ও ইউডিসি / |
| Statement of responsibility, etc. | মোহাম্মদ আবদুস সালাম |
| 260 ## - PUBLICATION, DISTRIBUTION, ETC. (IMPRINT) | |
| Place of publication, distribution, etc. | ঢাকা : |
| Name of publisher, distributor, etc. | ঢাকা বিশ্ববিদ্যালয় প্রকাশনা সংস্থা, |
| Date of publication, distribution, etc. | ১৯৯৩. |
| 300 ## - PHYSICAL DESCRIPTION | |
| Pagination | x, ১৮১ পৃ. : |
| Illustrations | চিত্র ; |
| Size | ২১ সেমি. |
| 500 ## - GENERAL NOTE | |
| General note | নির্ঘন্ট সংযুক্ত |
| 504 ## - BIBLIOGRAPHY, ETC. NOTE | |
| Bibliography, etc | গ্রন্থপঞ্জি সংযুক্ত |
| 650 ## - SUBJECT ADDED ENTRY--TOPICAL TERM | |
| Topical term or geographic name as entry element | গ্রন্থাগার অপারেশন |
| Form subdivision | ডিডিসি |
| 9 (RLIN) | 123258 |
| Topical term or geographic name as entry element | Library operation |
| Form subdivision | Dewey decimal classification |
| 9 (RLIN) | 123259 |
| 942 ## - ADDED ENTRY ELEMENTS (KOHA) | |
| Source of classification or shelving scheme | Dewey Decimal Classification |
| Koha item type | Books |
| Lost status | Source of classification or shelving scheme | Damaged status | Not for loan | Collection code | Permanent Location | Current Location | Shelving location | Date acquired | Source of acquisition | Cost, normal purchase price | Total Checkouts | Full call number | Date last seen | Copy number | Koha item type |
|---|---|---|---|---|---|---|---|---|---|---|---|---|---|---|---|
| Dewey Decimal Classification | Non-fiction | Central Library, University of Rajshahi | Central Library, University of Rajshahi | 16/09/1993 | Bisso Gronthogar Songha, Dhaka | 80.00 | B 025.431 SAB 1993 | 17/07/2016 | C-2 | Books |